000 00563cam a22002053a 4500
001 35759
003 PGUSA
005 20140828083753.0
008 110402s2011||||xxu|||||s|||||000 | eng d
040 _aPGUSA
_beng
042 _adc
100 1 _aClinton, Ed M.,
_d1926-2006
245 1 0 _aSecurity Risk
_h[electronic resource] /
_cEd M. Clinton
260 _bProject Gutenberg,
_c2011
506 _aPublic domain in the USA.
516 _aElectronic text
830 0 _aProject Gutenberg
_v35759
856 4 0 _uhttp://www.gutenberg.org/ebooks/35759
942 _cEB
999 _c265014
_d265014